O najkrajšom výhľade na Ružín Turistický tip na víkend

Bibliographic Details
Main Author: Belej, Martin (Author)
Format: Article
Language:Slovak
Subjects:

MARC

LEADER 00000nab a2200000 a 4500
001 vtls000911362
003 SK-MaSNL
005 20260305032503.0
008 040720e20001104xo 0 slo
035 |a KE20281 
040 |a KEVKJB  |b slo  |c KEVKJB  |e AACR2 
041 0 |a slo 
044 |a xo  |c SK 
080 |a 796.5  |2 1981 
080 |a 627.81  |2 1981 
100 1 |a Belej, Martin  |4 aut  |9 270177 
245 1 0 |a O najkrajšom výhľade na Ružín  |b Turistický tip na víkend 
650 0 7 |a turistika  |2 KEVKJB  |9 683 
650 0 7 |a tipy  |2 KEVKJB  |9 358374 
650 0 7 |a vodné nádrže  |2 KEVKJB  |9 4190 
650 0 7 |a trasy  |2 KEVKJB  |9 883552 
650 0 7 |a popis  |2 KEVKJB  |9 556565 
651 7 |a Ružín (Slovensko : zaniknutá obec)  |2 KEVKJB  |9 58259 
651 7 |a Košice-okolie (Slovensko : okres)  |2 KEVKJB  |9 146743 
651 7 |a KS,  |2 KEVKJB  |9 880381 
655 7 |a periodikum  |2 snkbucl  |9 29553 
773 0 8 |t Korzár  |g Roč. 3, č.254, 4.11.2000, s. 1 
773 0 8 |i Príl.:  |t Panoráma 
852 |a ZVYKNI  |b KIS3GCP 
999 |c 3320325  |d 3322255